000 00631cam a22002293a 4500
001 9259
003 PGUSA
005 20140828083210.0
008 051101s2005||||xxu|||||s|||||000 1 eng d
040 _aPGUSA
_beng
042 _adc
050 4 _aPR
100 1 _aBraddon, M. E.
_q(Mary Elizabeth),
_d1835-1915
245 1 0 _aCharlotte's Inheritance
_h[electronic resource] /
_cM. E. Braddon
260 _bProject Gutenberg,
_c2005
506 _aPublic domain in the USA.
516 _aElectronic text
653 _aFiction
830 0 _aProject Gutenberg
_v9259
856 4 0 _uhttp://www.gutenberg.org/ebooks/9259
942 _cEB
999 _c238515
_d238515